| 000 | 00640nam a2200193Ia 4500 | ||
|---|---|---|---|
| 003 | LDD | ||
| 008 | 190117s9999 xx 000 0 und d | ||
| 020 |
_a9788180314810 _c₹225 |
||
| 040 | _cLDD | ||
| 041 | _ahi | ||
| 082 | _a8H3.7 य69252य | ||
| 100 | _aयशपाल | ||
| 245 | 0 |
_aयशपाल की सम्पूर्ण कहानियां _cयशपाल |
|
| 260 |
_aइलाहाबाद _bलोकभारती प्रकाशन _c2010 |
||
| 300 | _aखण्ड4 | ||
| 901 | _aRKPPL | ||
| 904 | _aReqst by : J.M. Pariekh | ||
| 942 |
_2ddc _cH |
||
| 999 |
_c167595 _d167595 |
||